Fallout Commonwealths - Statistics

General Stats
  • This quiz has been taken 37 times
  • The average score is 7 of 13
Answer Stats
Answer % Correct
North
86%
Southwest
86%
Southeast
82%
Texas
79%
New England
75%
Northwest
71%
Midwest
54%
Eastern
43%
Columbia
36%
Gulf
36%
Four States
32%
Plains
29%
East Central
18%
No matching quizzes found
Score Distribution
Percent of People with Each Score
Percentile by Number Answered
Your Score History
You have not taken this quiz